| 000 | 00681nam a22002057a 4500 | ||
|---|---|---|---|
| 999 |
_c20853 _d20853 |
||
| 003 | AR-CdUCM | ||
| 008 | 190402b ||||| |||| 00| 0 spa d | ||
| 040 |
_aMUNICIPALIDAD PROVINCIAL DEL CUSCO _cBIBLIOTECA MUNICIPAL DEL CUSCO |
||
| 082 |
_aEP / 590.95 / _bN83 |
||
| 100 |
_aNos Ronchera, Rosario _943543 |
||
| 245 | _aAnimales de Asia y Oceanía / | ||
| 260 |
_aEspaña : _bOikos-tau, _c1970.. |
||
| 300 |
_bIlustraciones, _c32 cm. |
||
| 505 | _aContenido : Elefante Asiático -- Tigre de bengala -- Pantera nebulosa... | ||
| 650 |
_aEducación primaria _91561 |
||
| 650 |
_aCuentos _9217 |
||
| 700 |
_aJonch Cuspinera, Antonio _928040 |
||
| 942 |
_2ddc _cLIBROS |
||
| 945 | _arcc | ||